[Event "Lleida Regional-ch"]
[Site "Lleida"]
[Date "2015.11.15"]
[Round "7"]
[White "Fabrega Ramon, Sergi"]
[Black "Palau Cabases, Albert"]
[Result "1-0"]
[WhiteElo "2074"]
[BlackElo "2154"]
[PlyCount "111"]
[EventDate "2015.09.27"]
[EventType "swiss"]
[EventRounds "9"]
[EventCountry "ESP"]
[SourceTitle "EXT 2017"]
[Source "ChessBase"]
[SourceDate "2016.10.25"]
[SourceVersion "1"]
[SourceVersionDate "2016.10.25"]
[SourceQuality "1"]

1. e4 d6 2. d4 Nf6 3. Nc3 g6 4. Bg5 c6 5. Nf3 Bg7 6. Qd2 b5 7. Bd3 0-0 8. Bh6 b4 9. Ne2 a5 10. Bxg7 Kxg7 11. c3 Na6 12. h3 Bb7 13. Ng3 bxc3 14. bxc3 Nc7 15. 0-0 Re8 16. a4 e5 17. Rab1 Rb8 18. Rb3 Ba8 19. Rfb1 Rxb3 20. Rxb3 Nd7 21. Nf1 c5 22. d5 Nxd5 23. exd5 e4 24. Be2 exf3 25. Bxf3 Ne5 26. Be2 Nd7 27. Ne3 Nf6 28. Bf3 Ne4 29. Bxe4 Rxe4 30. c4 f5 31. Qb2+ Qf6 32. Qxf6+ Kxf6 33. Rb8 Bxd5 34. Nxd5+ Ke5 35. Re8+ Kd4 36. Rxe4+ Kxe4 37. Nb6 h5 38. Kf1 Kd3 39. g3 g5 40. Kg2 g4 41. f3 Kd4 42. fxg4 fxg4 43. hxg4 hxg4 44. Kf2 Kd3 45. Kf1 Kd4 46. Ke2 Ke4 47. Nc8 d5 48. cxd5 Kxd5 49. Kd3 c4+ 50. Kc3 Ke4 51. Nd6+ Kf3 52. Nf5 Ke4 53. Nh6 Kf3 54. Kxc4 Kxg3 55. Kb5 Kf4 56. Nxg4 1-0

[Event "Lleida Regional-ch"]
[Site "Lleida"]
[Date "2015.11.01"]
[Round "5"]
[White "Fabrega Ramon, Sergi"]
[Black "Solani Nunez, Joel"]
[Result "1/2-1/2"]
[WhiteElo "2074"]
[BlackElo "1988"]
[PlyCount "60"]
[EventDate "2015.09.27"]
[EventType "swiss"]
[EventRounds "9"]
[EventCountry "ESP"]
[SourceTitle "EXT 2017"]
[Source "ChessBase"]
[SourceDate "2016.10.25"]
[SourceVersion "1"]
[SourceVersionDate "2016.10.25"]
[SourceQuality "1"]

1. e4 e5 2. Nf3 Nc6 3. Bc4 Bc5 4. d3 d6 5. Be3 Bb6 6. 0-0 Bg4 7. h3 Bh5 8. Nbd2 Nge7 9. c3 Na5 10. Bb3 Nxb3 11. Qxb3 Qd7 12. d4 exd4 13. cxd4 0-0 14. e5 dxe5 15. dxe5 Nc6 16. Bxb6 axb6 17. Rfd1 Qe6 18. Qxe6 fxe6 19. g4 Bg6 20. Nh4 Nxe5 21. Re1 Nd3 22. Rxe6 Nxb2 23. Nxg6 hxg6 24. Rxg6 Nd3 25. Re6 Rae8 26. Rxe8 Rxe8 27. Rd1 Re1+ 28. Rxe1 Nxe1 29. Kf1 Nd3 30. h4 c5 1/2-1/2

[Event "Lleida Regional-ch"]
[Site "Lleida"]
[Date "2015.10.11"]
[Round "3"]
[White "Fabrega Ramon, Sergi"]
[Black "Monfa Sole, Ramon"]
[Result "1/2-1/2"]
[WhiteElo "2074"]
[BlackElo "2178"]
[PlyCount "115"]
[EventDate "2015.09.27"]
[EventType "swiss"]
[EventRounds "9"]
[EventCountry "ESP"]
[SourceTitle "EXT 2017"]
[Source "ChessBase"]
[SourceDate "2016.10.25"]
[SourceVersion "1"]
[SourceVersionDate "2016.10.25"]
[SourceQuality "1"]

1. e4 c6 2. Nf3 d6 3. d4 Na6 4. Bxa6 Qa5+ 5. Nc3 Qxa6 6. Qd3 Qxd3 7. cxd3 g6 8. h3 Bg7 9. 0-0 f6 10. d5 e5 11. Nd2 Nh6 12. b3 Ke7 13. a4 Bd7 14. Nc4 Rhb8 15. Ba3 Nf7 16. Rfb1 b5 17. dxc6 Bxc6 18. axb5 Bxb5 19. Nxb5 Rxb5 20. Ne3 Rab8 21. Nd5+ Kd7 22. b4 f5 23. Bc1 a5 24. Bd2 axb4 25. Rxb4 Nd8 26. Ra7+ R8b7 27. Rxb7+ Rxb7 28. Rxb7+ Nxb7 29. Bb4 fxe4 30. dxe4 Nc5 31. Bxc5 dxc5 32. Kf1 Kc6 33. Ke2 Kb5 34. Kd3 Bf8 35. Kc3 Bd6 36. f3 c4 37. Nf6 h5 38. Nd7 Kc6 39. Nf6 Kb5 40. Nd5 h4 41. Nf6 Bb4+ 42. Kc2 Kc5 43. Nd5 Be1 44. Ne7 Bg3 45. Kc3 g5 46. Nf5 Bf2 47. Nh6 Be1+ 48. Kc2 Kd4 49. Nf5+ Kc5 50. Kd1 Bf2 51. Kd2 Kb4 52. Kc2 Be1 53. Nd6 Kc5 54. Nf5 Bf2 55. Kc3 Bd4+ 56. Kc2 Bf2 57. Kc3 Bd4+ 58. Kc2 1/2-1/2

[Event "Lleida Province-ch"]
[Site "Tornabous"]
[Date "2014.10.12"]
[Round "2"]
[White "Fabrega Ramon, Sergi"]
[Black "Rodon Balcells, Jaume"]
[Result "1/2-1/2"]
[WhiteElo "2057"]
[BlackElo "1937"]
[PlyCount "123"]
[EventDate "2014.10.05"]
[EventType "swiss"]
[EventRounds "9"]
[EventCountry "ESP"]
[SourceTitle "CBM 163 Extra"]
[Source "ChessBase"]
[SourceDate "2014.12.23"]
[SourceVersion "1"]
[SourceVersionDate "2014.12.23"]
[SourceQuality "1"]

1. e4 d5 2. exd5 Qxd5 3. Nc3 Qd8 4. Nf3 Bg4 5. h3 Bh5 6. d3 e6 7. Be2 Bb4 8. a3 Ba5 9. 0-0 Bb6 10. Be3 c6 11. Qd2 Nf6 12. Rad1 0-0 13. g4 Bg6 14. Ne5 Nbd7 15. Nxg6 hxg6 16. Bf3 Ne5 17. Bg2 Kh7 18. Rfe1 Bc7 19. Bf4 Ned7 20. Ne4 Nxe4 21. dxe4 Bxf4 22. Qxd7 Qb6 23. Qd4 c5 24. Qc3 Rfd8 25. Rd3 Rxd3 26. cxd3 e5 27. Re2 Qd6 28. Rc2 b6 29. Bf1 Rd8 30. Qc4 Rd7 31. Kg2 g5 32. Qa6 Qd4 33. Kf3 g6 34. Qc4 Qd6 35. Ke2 Kg7 36. Bg2 Qc6 37. Rc3 a5 38. b4 Rd4 39. Qb3 axb4 40. axb4 Qd6 41. bxc5 bxc5 42. Qc2 Qb6 43. Rxc5 Rb4 44. Rc6 Qb8 45. Kf3 Rb2 46. Rc8 Qb4 47. Rc4 Qa3 48. Ra4 Qb3 49. Qxb3 Rxb3 50. Bf1 Rb1 51. Kg2 Rb2 52. Kg1 Bd2 53. Ra1 Bc3 54. Rc1 Bd4 55. Rc4 Bxf2+ 56. Kg2 Bh4+ 57. Kg1 Bg3 58. Rc1 Bf4 59. Rd1 Be3+ 60. Kh1 Rf2 61. Re1 Bf4 62. Rb1 1/2-1/2

[Event "Lleida-ch U18"]
[Site "Balaguer"]
[Date "2014.03.01"]
[Round "6.2"]
[White "Nieto Badia, Pau"]
[Black "Fabrega Ramon, Sergi"]
[Result "0-1"]
[WhiteElo "1949"]
[BlackElo "1951"]
[PlyCount "78"]
[EventDate "2014.01.25"]
[EventType "swiss"]
[EventRounds "6"]
[EventCountry "ESP"]
[SourceTitle "EXT 2024"]
[Source "ChessBase"]
[SourceDate "2023.10.10"]
[SourceVersion "1"]
[SourceVersionDate "2023.10.10"]
[SourceQuality "1"]

1. Nf3 Nc6 2. g3 d5 3. Bg2 Nf6 4. 0-0 g6 5. d3 Bg7 6. Nbd2 0-0 7. c4 e6 8. Rb1 Rb8 9. b4 b6 10. Qc2 Bb7 11. b5 Ne7 12. c5 c6 13. Ba3 cxb5 14. cxb6 a6 15. Qc7 Re8 16. Rfc1 Bf8 17. Qf4 Nf5 18. Bb2 Bd6 19. Qg5 e5 20. Nb3 h6 21. Qd2 Qxb6 22. Bh3 Bc8 23. Bg2 Kh7 24. h3 Nxg3 25. Bd4 exd4 26. fxg3 Bxg3 27. Na5 Bd7 28. Nb3 Qd6 29. Kh1 Bf4 30. Qe1 Bxc1 31. Rxc1 Bf5 32. Qf2 Nh5 33. Nbxd4 Qg3 34. Qf1 Qf4 35. Nxf5 gxf5 36. Qe1 Ng3+ 37. Kg1 Nxe2+ 38. Kf2 Qe3+ 39. Kf1 Qxc1 0-1

[Event "Lleida-ch U18"]
[Site "Balaguer"]
[Date "2014.02.01"]
[Round "2.3"]
[White "Fabrega Ramon, Sergi"]
[Black "Casas Torres, Pau"]
[Result "1-0"]
[WhiteElo "1951"]
[BlackElo "1952"]
[PlyCount "53"]
[EventDate "2014.01.25"]
[EventType "swiss"]
[EventRounds "6"]
[EventCountry "ESP"]
[SourceTitle "EXT 2024"]
[Source "ChessBase"]
[SourceDate "2023.10.10"]
[SourceVersion "1"]
[SourceVersionDate "2023.10.10"]
[SourceQuality "1"]

1. e4 e5 2. Nf3 Nc6 3. Bc4 h6 4. c3 Bc5 5. d4 exd4 6. cxd4 Bb4+ 7. Bd2 d6 8. Bxb4 Nxb4 9. Qa4+ Nc6 10. d5 Bd7 11. dxc6 bxc6 12. Qb3 Qe7 13. 0-0 Nf6 14. Nbd2 0-0 15. Rfe1 Be6 16. e5 Nd5 17. exd6 Qxd6 18. Ne4 Qf4 19. Qb7 Rfb8 20. Qxc6 Nb4 21. Qc5 Nc2 22. Bxe6 Nxe1 23. Bd5 Nxf3+ 24. gxf3 Rb6 25. Bxa8 Qxf3 26. Qd5 Rxb2 27. Qd8+ 1-0

[Event "Lleida Province-ch"]
[Site "Balaguer"]
[Date "2013.11.17"]
[Round "7"]
[White "Fabrega Ramon, Sergi"]
[Black "Parramon Guillaumet, Jaime"]
[Result "1/2-1/2"]
[WhiteElo "1749"]
[BlackElo "1942"]
[PlyCount "91"]
[EventDate "2013.10.06"]
[EventType "swiss"]
[EventRounds "9"]
[EventCountry "ESP"]
[SourceTitle "CBM 157 Extra"]
[Source "ChessBase"]
[SourceDate "2013.12.19"]
[SourceVersion "1"]
[SourceVersionDate "2013.12.19"]
[SourceQuality "1"]

1. c4 e6 2. Nc3 f5 3. d3 Nf6 4. g3 d5 5. cxd5 exd5 6. e3 c6 7. Nge2 Bd6 8. Bg2 Na6 9. a3 0-0 10. 0-0 Nc7 11. b4 a5 12. bxa5 Rxa5 13. Qb3 Ne6 14. d4 Ng5 15. Bd2 Ra6 16. Rfb1 Kh8 17. Na4 Nge4 18. Bb4 Re8 19. Rb2 Qe7 20. Nf4 b5 21. Bxd6 Qxd6 22. Nc3 Bd7 23. Nd3 Rea8 24. Rba2 g5 25. Ne5 Kg7 26. Nxe4 fxe4 27. a4 bxa4 28. Rxa4 Rxa4 29. Rxa4 Rb8 30. Qc2 Rb7 31. Ra6 Rc7 32. Bf1 Ng4 33. Nxd7 Qxd7 34. Bh3 Nxe3 35. Bxd7 Nxc2 36. Rxc6 Rxc6 37. Bxc6 Nb4 38. Ba4 Kf6 39. Kf1 Ke6 40. Ke2 Na6 41. f3 exf3+ 42. Kxf3 h5 43. Be8 h4 44. gxh4 gxh4 45. Kg4 Nc7 46. Bc6 1/2-1/2

[Event "Lleida Province-ch"]
[Site "Balaguer"]
[Date "2013.10.13"]
[Round "2"]
[White "Gutierrez Martos, Ferran"]
[Black "Fabrega Ramon, Sergi"]
[Result "1-0"]
[WhiteElo "2026"]
[BlackElo "1749"]
[PlyCount "76"]
[EventDate "2013.10.06"]
[EventType "swiss"]
[EventRounds "9"]
[EventCountry "ESP"]
[SourceTitle "CBM 157 Extra"]
[Source "ChessBase"]
[SourceDate "2013.12.19"]
[SourceVersion "1"]
[SourceVersionDate "2013.12.19"]
[SourceQuality "1"]

1. c4 c5 2. g3 Nc6 3. Bg2 g6 4. Nc3 Bg7 5. a3 e6 6. Rb1 Rb8 7. b4 cxb4 8. axb4 Nge7 9. e3 Ne5 10. Qe2 d5 11. cxd5 exd5 12. Nxd5 Nxd5 13. Qb5+ Qd7 14. Qxd7+ Bxd7 15. Bxd5 Nd3+ 16. Kf1 Bb5 17. Ne2 Rd8 18. Bxb7 Nxc1 19. Rxc1 Rxd2 20. Bc6+ Bxc6 21. Rxc6 Kd7 22. Ra6 Ra8 23. Nf4 Bf8 24. Kg2 Bxb4 25. Rb1 Bc5 26. Rb7+ Ke8 27. Kf3 Rad8 28. h4 R8d6 29. Ra5 Rc2 30. Rc7 Rdd2 31. Raxc5 Rxf2+ 32. Ke4 Rxc5 33. Rxc5 f5+ 34. Kd3 Rf3 35. Nd5 Rxg3 36. Rc8+ Kd7 37. Rc7+ Kd6 38. Rxa7 h5 1-0

[Event "Vallfogona rapid op 21st"]
[Site "Vallfogona de Balaguer"]
[Date "2013.09.21"]
[Round "1"]
[White "Mellado Trivino, Juan"]
[Black "Fabrega Ramon, Sergi"]
[Result "1-0"]
[WhiteElo "2443"]
[BlackElo "1749"]
[PlyCount "54"]
[EventDate "2013.09.21"]
[EventType "swiss (rapid)"]
[EventRounds "11"]
[EventCountry "ESP"]
[SourceTitle "CBM 156 Extra"]
[Source "ChessBase"]
[SourceDate "2013.10.22"]
[SourceVersion "1"]
[SourceVersionDate "2013.10.22"]
[SourceQuality "1"]

1. e4 e5 2. Nf3 Nc6 3. Bc4 Bc5 4. 0-0 Nf6 5. d4 exd4 6. e5 Ng8 7. Nbd2 Nge7 8. Ne4 d6 9. Bb3 0-0 10. h3 h6 11. Re1 Bf5 12. Ng3 Qd7 13. Nxf5 Qxf5 14. Nh4 Qc8 15. e6 d5 16. Qg4 f5 17. Qf3 Qd8 18. Qe2 Qd6 19. Bf4 Rf6 20. Nf3 Qd8 21. g3 g5 22. Bxg5 hxg5 23. Nxg5 Qf8 24. h4 Qh6 25. Qf3 Qg6 26. Bxd5 Rd8 27. Bb3 Qh6 1-0

[Event "Ponts U16 Lleida-ch"]
[Site "Ponts"]
[Date "2013.02.02"]
[Round "2.1"]
[White "Solani Nunez, Joel"]
[Black "Fabrega Ramon, Sergi"]
[Result "1/2-1/2"]
[WhiteElo "1706"]
[BlackElo "1768"]
[PlyCount "106"]
[EventDate "2013.01.26"]
[EventType "swiss"]
[EventRounds "6"]
[EventCountry "ESP"]
[SourceTitle "EXT 2024"]
[Source "ChessBase"]
[SourceDate "2023.10.10"]
[SourceVersion "1"]
[SourceVersionDate "2023.10.10"]
[SourceQuality "1"]

1. e4 c5 2. f4 d5 3. exd5 Qxd5 4. Nc3 Qd8 5. Nf3 Nf6 6. Be2 e6 7. 0-0 Bd6 8. d4 Qc7 9. Nb5 Qb6 10. Nxd6+ Qxd6 11. dxc5 Qxc5+ 12. Kh1 Nc6 13. Qd3 Nd5 14. a3 0-0 15. c4 Nf6 16. b4 Qb6 17. Bb2 Rd8 18. Qc2 Qe3 19. g3 Qe4 20. Qxe4 Nxe4 21. Kg2 b6 22. Rad1 Bb7 23. Bd3 Ne7 24. Kg1 Nf5 25. Bxe4 Bxe4 26. Kf2 Bd3 27. Rfe1 Bxc4 28. Ne5 Bd5 29. Rc1 Rac8 30. Ng4 Ne7 31. Rxc8 Rxc8 32. Rc1 Rxc1 33. Bxc1 Nc6 34. Ne3 Nd4 35. Nxd5 exd5 36. Ke3 Nf5+ 37. Kd3 b5 38. g4 Nh4 39. Kd4 Nf3+ 40. Kxd5 Nxh2 41. g5 h5 42. gxh6 gxh6 43. Kc5 f5 44. Be3 Nf1 45. Bg1 a6 46. Kb6 Nd2 47. Kxa6 Nc4 48. Kxb5 Nxa3+ 49. Kc6 Kf7 50. b5 Nc4 51. b6 Ke6 52. Kb5 Nd6+ 53. Kc6 Nc4 1/2-1/2

[Event "Lleida-ch U16"]
[Site "Vilanova de Segria"]
[Date "2012.02.18"]
[Round "6.1"]
[White "Fabrega Ramon, Sergi"]
[Black "Perez Cabas, Jose"]
[Result "0-1"]
[WhiteElo "1797"]
[BlackElo "1980"]
[PlyCount "72"]
[EventDate "2012.01.14"]
[EventType "swiss"]
[EventRounds "6"]
[EventCountry "ESP"]
[SourceTitle "EXT 2024"]
[Source "ChessBase"]
[SourceDate "2023.10.10"]
[SourceVersion "1"]
[SourceVersionDate "2023.10.10"]
[SourceQuality "1"]

1. c4 e5 2. Nc3 d6 3. e4 Nc6 4. Nge2 f5 5. d3 Nf6 6. g3 g6 7. Bg2 Bg7 8. 0-0 0-0 9. f4 fxe4 10. dxe4 Be6 11. Nd5 Qd7 12. Qd3 Nh5 13. Rb1 exf4 14. Nexf4 Ne5 15. Qc2 Rf7 16. b3 c6 17. Nxh5 Rxf1+ 18. Bxf1 gxh5 19. Nf4 h4 20. Qg2 Kh8 21. Nxe6 Qxe6 22. Bf4 hxg3 23. hxg3 Ng4 24. Qc2 Bd4+ 25. Kg2 Rf8 26. Qd3 Be5 27. Qf3 Bxf4 28. gxf4 Rg8 29. Qc3+ Rg7 30. Kf3 Nh2+ 31. Ke3 Kg8 32. Qe1 Qf6 33. Bd3 c5 34. f5 Qd4+ 35. Kd2 Nf3+ 36. Kd1 Qxd3+ 0-1

[Event "Lleida-ch U16"]
[Site "Vilanova de Segria"]
[Date "2012.01.21"]
[Round "2.2"]
[White "Fabrega Ramon, Sergi"]
[Black "Casas Torres, Pau"]
[Result "1-0"]
[WhiteElo "1797"]
[BlackElo "1620"]
[PlyCount "127"]
[EventDate "2012.01.14"]
[EventType "swiss"]
[EventRounds "6"]
[EventCountry "ESP"]
[SourceTitle "EXT 2024"]
[Source "ChessBase"]
[SourceDate "2023.10.10"]
[SourceVersion "1"]
[SourceVersionDate "2023.10.10"]
[SourceQuality "1"]

1. c4 e5 2. Nc3 d6 3. e4 g6 4. d3 Bg7 5. g3 Ne7 6. Bg2 0-0 7. Nge2 Be6 8. 0-0 a5 9. Be3 c6 10. f4 f6 11. Qd2 Na6 12. h3 Qd7 13. g4 h5 14. f5 Bf7 15. Na4 Qe8 16. Nb6 Rd8 17. Qxa5 gxf5 18. gxf5 Kh7 19. Qe1 Bh6 20. Bxh6 Kxh6 21. Kh2 d5 22. Qc1+ Kh7 23. c5 dxe4 24. dxe4 Nc8 25. Nxc8 Rxc8 26. Qc3 Rd8 27. b4 Qe7 28. a3 Rd7 29. Rfd1 Rfd8 30. Qc2 Nc7 31. Nc3 Rd4 32. Rxd4 exd4 33. Na4 d3 34. Qb2 Nb5 35. Rd1 Qc7+ 36. Kh1 Qe7 37. Nb6 Qe5 38. Qxe5 fxe5 39. Rd2 Nxa3 40. Bf1 Nc4 41. Rxd3 Rxd3 42. Bxd3 Nxb6 43. cxb6 Kh6 44. h4 Kg7 45. Kg2 Kf6 46. Kf3 Ke7 47. Ke3 Kd6 48. Kd2 c5 49. Kc3 cxb4+ 50. Kxb4 Be8 51. Bb5 Bf7 52. Bc4 Be8 53. f6 Bd7 54. Bd5 Bc8 55. Kc3 Kd7 56. Kc4 Kd6 57. f7 Ke7 58. Kc5 Kd7 59. Bc4 Ke7 60. f8Q+ Kxf8 61. Kd6 Ke8 62. Kc7 Bd7 63. Kxb7 Kd8 64. Ka7 1-0

[Event "Balaguer op 16th "]
[Site "Balaguer"]
[Date "2011.07.21"]
[Round "5"]
[White "Llobera Pujol, Rogeli"]
[Black "Fabrega Ramon, Sergi"]
[Result "0-1"]
[WhiteElo "1495"]
[BlackElo "1731"]
[PlyCount "92"]
[EventDate "2011.07.17"]
[EventType "swiss"]
[EventRounds "9"]
[EventCountry "ESP"]
[SourceTitle "CBM 143 Extra"]
[Source "ChessBase"]
[SourceDate "2011.08.29"]
[SourceVersion "1"]
[SourceVersionDate "2011.08.29"]
[SourceQuality "1"]

1. d4 d5 2. Nf3 Nc6 3. e3 Nf6 4. Nbd2 a6 5. a3 e6 6. h3 g6 7. b4 b5 8. Bb2 Bg7 9. Bd3 Bb7 10. 0-0 0-0 11. Re1 Re8 12. c3 Nd7 13. e4 dxe4 14. Bxe4 Qc8 15. h4 Nf6 16. Bd3 Nb8 17. c4 Bc6 18. Ne5 Bd7 19. Qf3 Ra7 20. cxb5 Bxb5 21. Bxb5 axb5 22. Rec1 Qb7 23. Nc6 Nxc6 24. Rxc6 Nd5 25. Rac1 Rd8 26. h5 Qb8 27. hxg6 hxg6 28. Qg3 Bh6 29. R1c2 Rd6 30. Rxd6 cxd6 31. Ne4 Rd7 32. Rc6 Qa8 33. Rxd6 Bf4 34. Nf6+ Nxf6 35. Qxf4 Qb8 36. Qxf6 Qxd6 37. d5 e5 38. Bxe5 Qxf6 39. Bxf6 Rxd5 40. g4 Rd3 41. a4 bxa4 42. b5 Rb3 43. g5 Rxb5 44. Kf1 a3 45. Ke2 a2 46. Kd3 Rb1 0-1